000 00483nam a2200181Ia 4500
008 230125s9999 xx 000 0 und d
020 _a9788184954029
041 _aeng
082 _a613
_bRUI
100 _aRuia M
_9117050
245 _aWho Stole My Calories?
_bA Health & Fitness Novel Like No Other!
250 _aEd.1st
260 _c2017
_bJaico Publishing House
_aMumbai
300 _a217p
700 _aRuia M
_9117050
906 _b92.69
999 _c94788
_d94788